| Tag |
First Indicator |
Second Indicator |
Subfields |
| LEADER |
00000nam a2200000Ia 4500 |
| 001 |
in00004296813 |
| 005 |
20200810081937.0 |
| 006 |
m g d |
| 007 |
cr bn |||a|bb| |
| 008 |
860205s1690 enk ob 00| | lat d |
| 035 |
|
|
|a (OCoLC)13108406
|
| 040 |
|
|
|c EAG
|d WaOLN
|
| 037 |
|
|
|a CL0037000055
|b ProQuest Information and Learning. 300 N. Zeeb Rd., Ann Arbor, MI 48106
|
| 043 |
|
|
|a e-uk-en
|
| 049 |
|
|
|a EAGA
|
| 090 |
|
|
|a Z999
|b .B52
|
| 245 |
0 |
0 |
|a Bibliotheca selecta, seu, Catalogus librorum :
|b gujusdam generosi nuper defuncti, in quâvis lingua & facultate insignium : quorum auctio habenda est Londini apud Rolles's Coffee-House prope insigne navis septentrionali parte cœmiterii Paulini die Lunae septimo Aprilis 1690.
|
| 260 |
|
|
|a [London] :
|b Catalogues are distributed by Mr. Matt. Gilliflower [and 4 others],
|c 1690.
|
| 300 |
|
|
|a 1 online resource ([1], 7 pages)
|
| 336 |
|
|
|a text
|b txt
|2 rdacontent
|
| 337 |
|
|
|a computer
|b c
|2 rdamedia
|
| 338 |
|
|
|a online resource
|b cr
|2 rdacarrier
|
| 500 |
|
|
|a "The time of selling will be from three of the clock in the afternoon till eight, on the aforesaid Monday, The seventh of April. The conditions of selling the books as usual. And the buyers to fetch them away within three days after the sale is ended."
|
| 500 |
|
|
|a Place of publication suggested by Wing.
|
| 500 |
|
|
|a Imperfect: pages faded with loss of printing.
|
| 500 |
|
|
|a Reproduction of original in the British Library.
|
| 510 |
4 |
|
|a Wing
|c B2851
|
| 533 |
|
|
|a Electronic reproduction.
|b Ann Arbor, Mich. :
|c UMI,
|d 1999-
|f (Early English books online)
|n Digital version of: (Early English books, 1641-1700 ; 1543:12)
|7 s1999 miun s
|
| 650 |
|
0 |
|a Catalogs, Booksellers'
|z England
|z London.
|
| 740 |
0 |
|
|a Bibliotheca selecta.
|
| 740 |
0 |
|
|a Catalogus librorum.
|
| 830 |
|
0 |
|a Early English books online.
|
| 856 |
4 |
0 |
|u http://proxy.library.tamu.edu/login?url=https://search.proquest.com/docview/2240853956
|z Connect to the full text of this electronic book
|t 0
|
| 999 |
f |
f |
|s 28f262a0-be11-352e-bb55-6207b294e0d3
|i 550a65cc-2bc1-38b5-80ab-4159bdeb845c
|t 0
|
| 952 |
f |
f |
|a Texas A&M University
|b College Station
|c Electronic Resources
|d Available Online
|t 0
|e Z999 .B52
|h Library of Congress classification
|
| 998 |
f |
f |
|a Z999 .B52
|t 0
|l Available Online
|